000 00349nam a2200145Ia 4500
008 240624s9999 xx 000 0 und d
041 _aeng
082 _a658.787 WAT
100 _aWATERS DONALD
245 _aINVENTORY CONTROL AND MANAGEMENT
250 _a(2nd ed.)
260 _c2003
_aSingapore
_bJohn Wiley
300 _axiv, : 391
365 _cRS
999 _c1309
_d1309